书目信息 |
| 题名: |
写作与语言艺术教程
|
|
| 作者: | 徐丹晖, 主编 | |
| 分册: | ||
| 出版信息: | 北京 北京广播学院出版社 2003.07 |
|
| 页数: | 419页 | |
| 开本: | 21cm | |
| 丛书名: | ||
| 单 册: | ||
| 中图分类: | H15 | |
| 科图分类: | ||
| 主题词: | 汉语--han yu--写作--高等学校--教材 , 汉语--han yu--语言艺术--高等学校--教材 | |
| 电子资源: | ||
| ISBN: | 978-7-81085-076-6 | |
| 000 | 01045nam0 2200265 450 | |
| 001 | 012008119905 | |
| 005 | 20080116100540.87 | |
| 010 | @a978-7-81085-076-6@dCNY28.00 | |
| 100 | @a20080115d2003 em y0chiy0120 ea | |
| 101 | 0 | @achi |
| 102 | @aCN@b110000 | |
| 105 | @ay a 000yy | |
| 106 | @ar | |
| 200 | 1 | @a写作与语言艺术教程@Axie zuo yu yu yan yi shu jiao cheng@f徐丹晖主编@Fxu dan hui zhu bian |
| 210 | @a北京@c北京广播学院出版社@d2003.07 | |
| 215 | @a419页@d21cm | |
| 300 | @a艺术类院校基础课专用教材 | |
| 320 | @a有书目 (第414-416页) | |
| 330 | @a本书针对艺术类院校学生特点, 以写作为纲, 以提高学生写作水平和语言运用能力为出发点和落脚点。在系统介绍写作的基本规律和方法时, 巧妙地把语言运用的基本知识、要求、技能等自然地融入写作各要素中, 将语言运用的基本训练和写作实践紧密结合, 实用性较强。 | |
| 606 | 0 | @a汉语@Ahan yu@x写作@x高等学校@j教材 |
| 606 | 0 | @a汉语@Ahan yu@x语言艺术@x高等学校@j教材 |
| 690 | @aH15@v4 | |
| 701 | 0 | @a徐丹晖,@Axu dan hui@f1941- @4主编 |
| 801 | 0 | @aCN@bQSSK@c20080116 |
| 905 | @b279038-40@dH15@eX692@f3 | |
| 写作与语言艺术教程/徐丹晖主编.-北京:北京广播学院出版社,2003.07 |
| 419页;21cm |
| 艺术类院校基础课专用教材 |
| ISBN 978-7-81085-076-6:CNY28.00 |
| 本书针对艺术类院校学生特点, 以写作为纲, 以提高学生写作水平和语言运用能力为出发点和落脚点。在系统介绍写作的基本规律和方法时, 巧妙地把语言运用的基本知识、要求、技能等自然地融入写作各要素中, 将语言运用的基本训练和写作实践紧密结合, 实用性较强。 |
| ● |
| 相关链接 |
|
|
|
正题名:写作与语言艺术教程
索取号:H15/X692
 
预约/预借
| 序号 | 登录号 | 条形码 | 馆藏地/架位号 | 状态 | 备注 |
| 1 | 279038 | 202790382 | 语言库209/209语言库 74排1列3层/ [索取号:H15/X692] | 在馆 | |
| 2 | 279039 | 202790391 | 语言库209/209语言库 74排1列3层/ [索取号:H15/X692] | 在馆 | |
| 3 | 279040 | 202790408 | 语言库209/209语言库 74排1列3层/ [索取号:H15/X692] | 在馆 |